Bank Management & Financial Services/ (Record no. 204368)

MARC details
000 -LEADER
fixed length control field 00690nam a22002057a 4500
005 - DATE AND TIME OF LATEST TRANSACTION
control field 20240731115233.0
010 ## - LCCN (DPL NO)
LC control number ENG-140853
020 ## - INTERNATIONAL STANDARD BOOK NUMBER
Terms of availability 1050.00
International Standard Book Number 9789355329059
035 ## - SYSTEM CONTROL NUMBER
System control number EN-124385
037 ## - SOURCE OF ACQUISITION
Source of stock number/acquisition DBAD
082 ## - DEWEY DECIMAL CLASSIFICATION NUMBER
Classification number 332.1068
100 ## - MAIN ENTRY--PERSONAL NAME
Personal name ROSE, PETER S.
245 ## - TITLE STATEMENT
Title Bank Management & Financial Services/
Statement of responsibility, etc By Peter S. Rose [and] Sylvia C. Hudgins
250 ## - EDITION STATEMENT
Edition statement 1
260 ## - PUBLICATION, DISTRIBUTION, ETC. (IMPRINT)
Place of publication, distribution, etc Chennai
Name of publisher, distributor, etc Mc Graw Hill Education ( India) Pvt Limited
Date of publication, distribution, etc 2010
270 ## - ADDRESS
City Chennai
Address Anjana Complex, no:5/90A, Butt Road, St Thomas Mount, Chennai
Postal code 6000016
300 ## - PHYSICAL DESCRIPTION
Extent 734vpp.
Dimensions 26(pb)
700 ## - ADDED ENTRY--PERSONAL NAME
Personal name Hudgins, Sylvia C.
Relator term Author
9 (RLIN) 69119
942 ## - ADDED ENTRY ELEMENTS (KOHA)
Source of classification or shelving scheme Dewey Decimal Classification
Item type English Books
Classification part 332.1068
Call number suffix Ose
Holdings
Withdrawn status Lost status Not for loan Collection code Home library Current library Date acquired Source of acquisition Cost, normal purchase price Full call number Barcode Copy number Koha item type
      Non-fiction Patel Nagar Patel Nagar 24/07/2024 DBAD 1050.00 332.1068 ROS EN-124385 1 English Books

© Delhi Public Library
Hit Counter
free hit counter